|
|
|
|
| LEADER |
00000cam a2200000 7i4500 |
| 001 |
0000002422 |
| 005 |
20030610.0 |
| 090 |
0 |
0 |
|a 634.9072
|b PLA 1994
|
| 245 |
0 |
0 |
|a PLANNING and managing forestry research :
|b a self-learning course
|
| 260 |
0 |
0 |
|a Vienna, Austria :
|b IUFRO SPDC ,
|c 1994
|
| 300 |
|
|
|a 5 vol. :
|b ill. ;
|c 26 cm.
|
| 500 |
0 |
0 |
|a Includes bibliogaphies
|
| 650 |
0 |
0 |
|a Forests and forestry
|x Research
|x Management
|
| 650 |
0 |
0 |
|a Forests and forestry
|x Research
|x Planning
|
| 710 |
1 |
1 |
|a International Union of Forestry Research Organization (IUFRO)
|
| 998 |
|
|
|a JPSM
|
| 999 |
|
|
|a 0000004462
|b Monograph
|c Open Shelf
|e Default branch
|
| 999 |
|
|
|a 0000004463
|b Monograph
|c Open Shelf
|e Default branch
|
| 999 |
|
|
|a 0000004464
|b Monograph
|c Open Shelf
|e Default branch
|
| 999 |
|
|
|a 0000004465
|b Monograph
|c Open Shelf
|e Default branch
|
| 999 |
|
|
|a 0000004466
|b Monograph
|c Open Shelf
|e Default branch
|